Acerca de modo de pensar la democracia en América Latina / (Record no. 23629)

000 -CABECERA
fixed length control field 01145nam a22002537a 4500
003 - IDENTIFICADOR DEL NÚMERO DE CONTROL
control field AR-CdUCM
008 - DATOS DE LONGITUD FIJA--INFORMACIÓN GENERAL
fixed length control field 260423b20222022 pe||||| |||| 00| 0 spa d
020 ## - NÚMERO INTERNACIONAL ESTÁNDAR DEL LIBRO
ISBN 978-9972-46-706-6
040 ## - FUENTE DE LA CATALOGACIÓN
Agencia/entidad que catalogó originalmente la obra MUNICIPALIDAD PROVINCIAL DEL CUSCO
Entidad que transcribió la catalogación BIBLIOTECA MUNICIPAL DEL CUSCO
082 ## - NÚMERO DE LA CLASIFICACIÓN DECIMAL DEWEY
No. de la edición 2° Ed.
No. de Clasificación 321.40
Notacion interna F81
100 ## - ENTRADA PRINCIPAL--NOMBRE DE PERSONA
Nombre Personal Franco, Carlos
245 ## - MENCIÓN DE TÍTULO
Título Acerca de modo de pensar la democracia en América Latina /
260 ## - PUBLICACIÓN, DISTRIBUCIÓN, ETC.
Lugar de publicación, distribución, etc. Lima-Perú:
Nombre de la editorial, distribuidor, etc. Universidad Nacional Mayor de San Marcos - Fondo Editorial
Fecha de publicación, distribución, etc. 2022
300 ## - DESCRIPCIÓN FÍSICA
Nº de Páginas Extensión 316 páginas. :
Dimensiones 17x23 cm.
500 ## - NOTA GENERAL
Bibliografía Paginas: 303-316
505 ## - NOTA DE CONTENIDO CON FORMATO
Nota de contenido formateada Cuadro político intelectual -- De los cambios en los ejes temáticos -- Elaboración de la idea democrática -- de lo general a lo particular -- De las ambigüedades de la política -- Del cuadro intelectual predominante en la regíon -- La ruptura con el enfoque histórico-estructural
650 ## - PUNTO DE ACCESO ADICIONAL DE MATERIA--TÉRMINO DE MATERIA
Descriptor Transición del autoritarismo
9 (RLIN) 52668
650 ## - PUNTO DE ACCESO ADICIONAL DE MATERIA--TÉRMINO DE MATERIA
Descriptor Modo historico de producción
9 (RLIN) 52669
650 ## - PUNTO DE ACCESO ADICIONAL DE MATERIA--TÉRMINO DE MATERIA
Descriptor Opción política
9 (RLIN) 52670
650 ## - PUNTO DE ACCESO ADICIONAL DE MATERIA--TÉRMINO DE MATERIA
Descriptor opción normativa
9 (RLIN) 52671
942 ## - ELEMENTOS DE PUNTO DE ACCESO ADICIONAL (KOHA)
Fuente de clasificación
Tipo de item Libros-BMC
945 ## - PROCESAMIENTO DE INFORMACIÓN LOCAL (OCLC)
Catalogador pbjr
AAAA-MM-DD - Fecha de ingreso o modificacion 23-04-2026
Holdings
Estado de retiro (separado) Fuente de clasificación o esquema de estanterías Estado dañado Ubicación Sala donde se ubica Nombre de la colección Fecha de adquisición o compra Fuente de adquisición Costo, precio normal en soles Signatura topográfica Código de Barras Última vez visto (Koha) Tipo de ítem (Koha)
No     Sala Humanidades Sala Humanidades Book Cart 2026-04-23 Donación 30.00 321.40 / F81 SH0000017110 2026-04-23 Libros-BMC

Powered by Koha